000 01111nam a22003257a 4500
001 BR8202114
003 BR-BrBNA
005 20230928091312.0
007 ta
008 230509b bl.||||| |||| 00| 0 por d
040 _aBR-BrBNA
_bpor
_cBiblioteca Nacional de Agricultura
041 _a(Por)
072 _aF60; S10
_b1116
090 _ 1116 BR8202114
100 1 _aEsteves, M.T. da C.
110 1 _aEscola Superior de Agricultura de Lavras, MG (Brasil)
_0Tese (Mestrado)
245 1 _aCaracteristicas fisicas, fisico-quimicas e quimicas de frutos de cultivares de goiabeira (Psidium guajava L.)
246 1 _a[Physical, physical-chemical and chemical characteristics of guava cultivars fruits (Psidium guajava L.)]
260 3 _aLavras, MG (Brasil):
_c1981.
300 _a73 p.
500 _a24 illus.; Summaries (Eng, Por); Bibliography p. 46-52 (63 ref.)
650 _aANALISE DE ALIMENTO
650 _aGOIABA
650 _aANALISE ORGANOLEPTICA
650 _aANALISE FISICA
650 _aANALISE QUIMICA
650 _aVARIEDADE
909 _a202309
_bLucia
_c55
_dLucia Elande
942 _cBK
999 _c33284
_d33284